| 000 | 00530nam a2200181Ia 4500 | ||
|---|---|---|---|
| 008 | 140626s9999 xx 000 0 und d | ||
| 100 | _aAnwar. | ||
| 245 | 2 |
_aA microcontroller based solar heating system : _b design and construction / _cAnwar ... [et al.]. |
|
| 260 | _cc2011. | ||
| 300 | _a2 : 3, page 48 | ||
| 440 | _aComputers in Education Journal | ||
| 521 | _aIT | ||
| 650 | _aConstruction. | ||
| 650 | _aDesign. | ||
| 650 | _aMicrocontroller-based solar heating system. | ||
| 650 | _aThermal system. | ||
| 942 | _cSE | ||
| 999 |
_c120921 _d120921 |
||